000 00400nam a2200169Ia 4500
003 LK-CoDNM
008 010623t1979 xxu||||| |||| 00| 1 sin d
040 _aLK-CoDNM
_dLK-CoDNM
_eLK-CoDNM
041 _asin
080 _a297 SHA
100 _aShahulhameed,A.M.
245 _aඅස්සලාන්
246 _aAs-Salan.
260 _bAl Gasali
_c1979
300 _b64p., 18 cm
942 _cBK
999 _c110928
_d110928